The master builder and other plays / (Record no. 5852)
[ view plain ]
| 000 -LEADER | |
|---|---|
| fixed length control field | 00658cam a22002177i 4500 |
| 003 - CONTROL NUMBER IDENTIFIER | |
| control field | OSt |
| 005 - DATE AND TIME OF LATEST TRANSACTION | |
| control field | 20260128113611.0 |
| 008 - FIXED-LENGTH DATA ELEMENTS--GENERAL INFORMATION | |
| fixed length control field | 160607t20142014enk b 000 d eng d |
| 020 ## - INTERNATIONAL STANDARD BOOK NUMBER | |
| International Standard Book Number | 9780140440539 |
| 020 ## - INTERNATIONAL STANDARD BOOK NUMBER | |
| International Standard Book Number | 0140440534 |
| 040 ## - CATALOGING SOURCE | |
| Original cataloging agency | KABLIB |
| Language of cataloging | eng |
| Transcribing agency | KABLIB |
| Description conventions | rda |
| 082 04 - DEWEY DECIMAL CLASSIFICATION NUMBER | |
| Classification number | 839.8226 |
| Edition number | 23 |
| Item number | IBS |
| 100 1# - MAIN ENTRY--PERSONAL NAME | |
| Personal name | Ibsen, Henrik, |
| Dates associated with a name | 1828-1906, |
| Relator term | author. |
| 9 (RLIN) | 14755 |
| 245 14 - TITLE STATEMENT | |
| Title | The master builder and other plays / |
| Statement of responsibility, etc. | Henrik Ibsen |
| 264 #1 - PRODUCTION, PUBLICATION, DISTRIBUTION, MANUFACTURE, AND COPYRIGHT NOTICE | |
| Place of production, publication, distribution, manufacture | London : |
| Name of producer, publisher, distributor, manufacturer | Penguin Books, |
| Date of production, publication, distribution, manufacture, or copyright notice | c1988. |
| 300 ## - PHYSICAL DESCRIPTION | |
| Extent | 376 p. ; |
| Dimensions | 18 cm. |
| 650 ## - SUBJECT ADDED ENTRY--TOPICAL TERM | |
| Topical term or geographic name entry element | English literature |
| 655 #7 - INDEX TERM--GENRE/FORM | |
| Genre/form data or focus term | Translations. |
| Source of term | fast |
| Authority record control number or standard number | (OCoLC)fst01423791 |
| 9 (RLIN) | 14756 |
| 700 1# - ADDED ENTRY--PERSONAL NAME | |
| Personal name | Rem, Tore, |
| Relator term | editor. |
| 9 (RLIN) | 14757 |
| 942 ## - ADDED ENTRY ELEMENTS (KOHA) | |
| Source of classification or shelving scheme | Dewey Decimal Classification |
| Koha item type | Book |
| Withdrawn status | Lost status | Source of classification or shelving scheme | Damaged status | Not for loan | Home library | Current library | Shelving location | Date acquired | Source of acquisition | Total Checkouts | Full call number | Barcode | Date last seen | Price effective from | Koha item type |
|---|---|---|---|---|---|---|---|---|---|---|---|---|---|---|---|
| Dewey Decimal Classification | Education Library | Education Library | Open Access Section | 28.01.2026 | Donation | 839.8226 IBS | 14328 | 28.01.2026 | 28.01.2026 | Book | |||||
| Dewey Decimal Classification | Education Library | Education Library | Open Access Section | 28.01.2026 | Donation | 839.8226 IBS | 14329 | 28.01.2026 | 28.01.2026 | Book | |||||
| Dewey Decimal Classification | Education Library | Education Library | Open Access Section | 28.01.2026 | Donation | 839.8226 IBS | 14330 | 28.01.2026 | 28.01.2026 | Book | |||||
| Dewey Decimal Classification | Education Library | Education Library | Open Access Section | 28.01.2026 | Donation | 839.8226 IBS | 14331 | 28.01.2026 | 28.01.2026 | Book | |||||
| Dewey Decimal Classification | Education Library | Education Library | Open Access Section | 28.01.2026 | Donation | 839.8226 IBS | 14332 | 28.01.2026 | 28.01.2026 | Book |